500 preguntas y respuestas sobre los animales/ (Registro nro. 2475)
[ vista simple ]
| 000 -CABECERA | |
|---|---|
| Longitud fija campo de control | 00896nam a2200265 a 4500 |
| 003 - • IDENTIFICADOR DELl NÚMERO DE CONTROL | |
| Identificador del número de control | CO-ViMGA |
| 008 - • CÓDIGOS DE INFORMACIÓN DE LONGITUD FIJA | |
| Códigos de información de longitud fija | 141112s2004 ck r 000 u spa d |
| 020 ## - • NÚMERO INTERNACIONAL NORMALIZADO PARA LIBROS | |
| Número Internacional Normalizado para Libros (ISBN) | 9789583038662 |
| 040 ## - FUENTE DE LA CATALOGACIÓN | |
| Centro catalogador de origen | CO-ViMGA |
| Lengua de catalogación | spa |
| Centro transcriptor | CO-ViMGA |
| 041 ## - • CÓDIGO DE LENGUA | |
| Código de lengua del texto/banda sonora o título independiente | SPA |
| 082 04 - • NÚMERO DE LA CLASIFICACIÓN DECIMAL DEWEY | |
| Número de clasificación (R) | 591 Q45 |
| 245 10 - • TITULO PROPIAMENTE DICHO | |
| Título | 500 preguntas y respuestas sobre los animales/ |
| Mención de responsabilidad, etc. | ilustraciones Francisco Arredondo , Juan Xarrié |
| 250 ## - • MENCIÓN DE EDICIÓN | |
| Mención de edición | 1a ed. |
| 300 ## - • DESCRIPCIÓN FÍSICA | |
| Extensión | 221 p. : il. col. : il. |
| 650 14 - • PUNTO DE ACCESO ADICIONAL DE MATERIA - TÉRMINO DE MATERIA | |
| Término de materia o nombre geográfico como elemento inicial | ANIMALES - HABITOS Y CONDUCTA |
| 650 14 - • PUNTO DE ACCESO ADICIONAL DE MATERIA - TÉRMINO DE MATERIA | |
| Término de materia o nombre geográfico como elemento inicial | ANIMALES - PREGUNTAS Y RESPUESTAS |
| 650 14 - • PUNTO DE ACCESO ADICIONAL DE MATERIA - TÉRMINO DE MATERIA | |
| Término de materia o nombre geográfico como elemento inicial | ANIMALES ACUATICOS - PREGUNTAS Y RESPUESTAS |
| 650 14 - • PUNTO DE ACCESO ADICIONAL DE MATERIA - TÉRMINO DE MATERIA | |
| Término de materia o nombre geográfico como elemento inicial | AVES - PREGUNTAS Y RESPUESTAS |
| 650 14 - • PUNTO DE ACCESO ADICIONAL DE MATERIA - TÉRMINO DE MATERIA | |
| Término de materia o nombre geográfico como elemento inicial | DESDE LOS 9 AÑOS |
| 650 14 - • PUNTO DE ACCESO ADICIONAL DE MATERIA - TÉRMINO DE MATERIA | |
| Término de materia o nombre geográfico como elemento inicial | ZOOLOGIA - ENSEÑANZA ELEMENTAL |
| 700 1# - • PUNTO DE ACCESO ADICIONAL - NOMBRE DE PERSONA | |
| Nombre de persona | Arredondo, Francisco Xarrié, Juan |
| 942 ## - ENTRADA DE ELEMENTOS AGREGADOS (KOHA) | |
| Fuente de clasificaión o esquema | Dewey Decimal Classification |
| Koha [por defecto] tipo de item | LIbro |
| Perdido | Fuente de clasificación o esquema | Estado Físico | No para préstamo | Forma de adquisición | Localización permanente | Localización actual | Localización en estanterías | Fecha adquisición | Préstamos totales | Signatura completa | Código de barras | Fecha última consulta | Número de copia | Fecha del precio de reemplazo | Tipo de item de Koha | Serie de enumeración / cronolog&íacute;a | Renovaciones totales | Fecha último préstamo | Fuente de adquisición | Calificador de ubicación codificada |
|---|---|---|---|---|---|---|---|---|---|---|---|---|---|---|---|---|---|---|---|---|
| Dewey Decimal Classification | Infantil | Biblioteca Pública Cubarral | Biblioteca Pública Cubarral | Sala Infantil | 07/04/2023 | 591 Q45 | CUB00099 | 07/04/2023 | Ej.1 | 07/04/2023 | Libro Infantil | |||||||||
| Dewey Decimal Classification | Sala Infantil Segundo Piso | Biblioteca Pública Germán Arciniegas - Villavicencio | Biblioteca Pública Germán Arciniegas - Villavicencio | 12/04/2015 | 9 | 591 Q45 | 25903 | 10/11/2022 | Ej. 1 | 12/04/2015 | LIbro | 16/abr/2013 | 1 | 04/03/2019 | ||||||
| Dewey Decimal Classification | Infantil | Biblioteca Pública Guamal | Biblioteca Pública Guamal | Sala Infantil | 03/02/2023 | 591 Q45 | GUA001923 | 03/02/2023 | Ej.1 | 03/02/2023 | Libro Infantil | |||||||||
| Dewey Decimal Classification | Infantil | Biblioteca Pública La Macarena | Biblioteca Pública La Macarena | Sala Infantil | 09/09/2024 | 591 Q45 | LM001743 | 09/09/2024 | Ej.1 | 09/09/2024 | LIbro | |||||||||
| Dewey Decimal Classification | Infantil | Biblioteca Pública Mapiripan | Biblioteca Pública Mapiripan | Sala Infantil | 01/25/2024 | 591 Q45 | MAP00003805 | 01/25/2024 | Ej.1 | 01/25/2024 | LIbro | |||||||||
| Dewey Decimal Classification | Biblioteca Pública Puerto Rico | Biblioteca Pública Puerto Rico | Sala Infantil | 06/07/2023 | 591 Q45 EJ. 1 | PR000001295 | 06/07/2023 | Ej.1 | 06/07/2023 | Libro Infantil | ||||||||||
| Dewey Decimal Classification | Infantil | Biblioteca Pública Rural El Yarí- vereda Playa Rica La Macarena | Biblioteca Pública Rural El Yarí- vereda Playa Rica La Macarena | Sala Infantil | 06/04/2025 | 591 Q45 | BPM'685 | 07/03/2025 | Ej.1 | 07/03/2025 | LIbro | ministerio de cultura | BPM'685 |